000 01538nam0a2200337 4500
001 RU\NLR\BIBL_A\022667776
005 20260408144907.0
035 _a(NLR Aleph) 022667776
090 _a13472282
_c13472282
100 _a20251118d2025 u y0rusy50 ca
101 0 _arus
102 _aRU
105 _aac z 000yy
181 0 _ai3
_baxxe
182 0 _an
200 1 _aМузей Эммы Налимовой
_fМайя Бурлыкина
203 _aТекст
_bвизуальный
_cнепосредственный
210 _aВыльгорт
_c[б. и.]
_d2025
215 _a108 с., [5] л. цв. ил., портр.
_cил., портр.
_d21
300 _aВ вып. дан. авт.: М. И. Бурлыкина, проф., д-р культурологии
320 _aБиблиогр.: с. 107 (11 назв.)
600 1 _aНалимова
_bЭ.А.
_f1937 - 2019
_gЭмилия Алексеевна
_92497443
_3RU\NLR\AUTH\6601697159
686 1 _aТ3(2Р-6Ко)74-8
700 1 _aБурлыкина
_bМ. И.
_f1949-
_gМайя Ивановна
702 1 _4280
_7ca
_8rus
_aНалимова
_bЭ. А.
_f1937-2019
_gЭмилия Алексеевна
_3RU\NLR\AUTH\770236320
_9236264
712 0 2 _4570
_aМузей истории и культуры Сыктывдинского района им. Э. А. Налимовой
_cс. Выльгорт, Республика Коми
_3RU\NLR\AUTH\880634938
_92686429
942 _cBOOK
980 _aNB